Akciové trhy krajín V4 ako predstihové indikátory reálnej ekonomiky diplomová práca

Salvato in:
Dettagli Bibliografici
Autore principale: Flesárová, Agnesa
Ente Autore: Podnikovohospodárska fakulta EU so sídlom v Košiciach. Katedra ekonómie
Altri autori: Baumöhl, Eduard, 1982-
Natura: Libro
Lingua:slovacco
Pubblicazione: Košice 2011
Tags: Aggiungi Tag
Nessun Tag, puoi essere il primo ad aggiungerne!!

MARC

LEADER 00000nbm a2200000 4500
001 0130482
005 20240827091605.2
041 0 |a slo 
044 |a SK 
245 1 0 |a Akciové trhy krajín V4 ako predstihové indikátory reálnej ekonomiky  |b diplomová práca  |c Agnesa Flesárová ; školiteľ: Eduard Baumöhl 
264 1 |a Košice  |c 2011 
300 |a 60 s. 
100 1 |a Flesárová, Agnesa 
700 1 |a Baumöhl, Eduard, 1982- 
710 2 |a Podnikovohospodárska fakulta EU so sídlom v Košiciach. Katedra ekonómie